000
00302nam a2200145Ia 4500
100
_a
Wilton/ Rex
942
_c
BK
654
_a
Maths
245
_a
Mathematics for Computers students
260
_b
B.P.B. Pub
_a
New Delhi
_c
1994
082
_a
510
300
_a
351
546
_a
ENGLISH
999
_c
22155
_d
22155